[Event "Niedersachsen-ch B"]
[Site "Verden"]
[Date "2010.01.05"]
[Round "6.38"]
[White "Zotin, Vladimir"]
[Black "Hentrop, Malte"]
[Result "1/2-1/2"]
[WhiteElo "2015"]
[BlackElo "1665"]
[PlyCount "102"]
[EventDate "2010.01.??"]
[EventType "swiss"]
[EventRounds "7"]
[EventCountry "GER"]
[SourceDate "2005.10.24"]

1. e4 e5 2. Bc4 Nf6 3. Nf3 Nxe4 4. d3 d5 5. dxe4 dxc4 6. Qxd8+ Kxd8 7. Nxe5 Be6
8. Be3 Nd7 9. Nxd7 Kxd7 10. Nd2 c5 11. O-O-O Kc6 12. Nb1 Be7 13. Nc3 Rad8 14.
h3 f5 15. f3 g5 16. exf5 Bxf5 17. Rhe1 Bf6 18. Bd2 Rhe8 19. Rxe8 Rxe8 20. Re1
Rxe1+ 21. Bxe1 Kd6 22. Bg3+ Be5 23. Bxe5+ Kxe5 24. Kd2 b6 25. a3 h6 26. Ne2 b5
27. c3 Bd3 28. g3 a6 29. Ng1 Bf5 30. Ke3 Bd3 31. b4 cxb4 32. axb4 Bf5 33. f4+
gxf4+ 34. gxf4+ Kd5 35. h4 Bc2 36. Nf3 Bb1 37. Ne5 h5 38. Nd7 Ke6 39. Nb8 Kf5
40. Nxa6 Kg4 41. Nc7 Kxh4 42. Kf3 Bc2 43. Nxb5 Bd1+ 44. Kf2 Kg4 45. f5 Kxf5 46.
Nd6+ Ke5 47. Nxc4+ Ke4 48. Nb2 Bg4 {(=)} 49. Nc4 Kd3 50. Ne5+ Kxc3 51. Nxg4
Kxb4 1/2-1/2

[Event "Niedersachsen-ch B"]
[Site "Verden"]
[Date "2010.01.05"]
[Round "6.39"]
[White "Buetow, Ingo"]
[Black "Kimmich, Bernd"]
[Result "0-1"]
[WhiteElo "1789"]
[BlackElo "1928"]
[PlyCount "108"]
[EventDate "2010.01.??"]
[EventType "swiss"]
[EventRounds "7"]
[EventCountry "GER"]
[SourceDate "2005.10.24"]

1. c4 c6 2. d4 d5 3. Nf3 Nf6 4. Nc3 e6 5. e3 Nbd7 6. Bd3 dxc4 7. Bxc4 b5 8. Be2
Bb7 9. a3 Be7 10. O-O a6 11. Nd2 O-O 12. Nf3 Qc7 13. Bd2 c5 14. dxc5 Nxc5 15.
Rc1 Qb6 16. b4 Nce4 17. Nxe4 Nxe4 18. Qb3 Rfd8 19. Rfd1 Nxd2 20. Rxd2 Rxd2 21.
Nxd2 Rd8 22. Nf3 Bf6 23. h3 g6 24. Qc2 Rc8 25. Qd2 Rxc1+ 26. Qxc1 Qc6 27. Qxc6
Bxc6 28. Nd4 Bd5 29. Bd1 Be7 30. Bf3 Bxf3 31. Nxf3 Bf6 32. Nd2 Bb2 33. Nb1 Kg7
34. Kf1 Kf6 35. Ke2 Ke5 36. Kd3 Kd5 37. e4+ Kc6 38. Kc2 Bd4 39. f3 f5 40. Kd3
Ba1 41. Nd2 Bb2 42. Nb1 Kd6 43. Kc2 Bd4 44. Kd3 Ba1 45. Nd2 Bb2 46. Nb1 Ke5 47.
exf5 exf5 48. g3 h6 49. Ke2 Kd4 50. Kd2 Kc4 51. Kc2 Be5 52. g4 Kd4 53. Kd2 Bf4+
54. Ke2 Kc4 0-1

[Event "Niedersachsen-ch B"]
[Site "Verden"]
[Date "2010.01.05"]
[Round "6.40"]
[White "Rux, Roland"]
[Black "Vonhoff, Nils"]
[Result "1/2-1/2"]
[WhiteElo "1828"]
[BlackElo "1772"]
[PlyCount "45"]
[EventDate "2010.01.??"]
[EventType "swiss"]
[EventRounds "7"]
[EventCountry "GER"]
[SourceDate "2005.10.24"]

1. d4 e6 2. Nf3 d5 3. c4 c5 4. e3 Nf6 5. Nc3 cxd4 6. exd4 Nc6 7. Be2 a6 8. O-O
h6 9. Re1 Be7 10. Ne5 O-O 11. Be3 Qc7 12. cxd5 exd5 13. Bf3 Be6 14. Bf4 Qb6 15.
Nxc6 bxc6 16. Na4 Qb7 17. Qc2 Nd7 18. Bxh6 gxh6 19. Rxe6 fxe6 20. Qg6+ Kh8 21.
Qxh6+ Kg8 22. Qg6+ Kh8 23. Qh6+ 1/2-1/2

[Event "Niedersachsen-ch B"]
[Site "Verden"]
[Date "2010.01.05"]
[Round "6.41"]
[White "Suendorf, Dominik"]
[Black "Zucker, Stefan"]
[Result "1-0"]
[WhiteElo "1752"]
[BlackElo "2015"]
[PlyCount "91"]
[EventDate "2010.01.??"]
[EventType "swiss"]
[EventRounds "7"]
[EventCountry "GER"]
[SourceDate "2005.10.24"]

1. e4 e5 2. Nf3 Nc6 3. Bb5 g6 4. O-O Bg7 5. c3 Nge7 6. d4 exd4 7. cxd4 O-O 8.
Nc3 h6 9. Be3 d5 10. e5 Bg4 11. Be2 g5 12. h3 Bh5 13. Rc1 Qd7 14. Nh2 Bxe2 15.
Nxe2 f5 16. f4 g4 17. hxg4 fxg4 18. Ng3 h5 19. Nxh5 Rf7 20. Nxg4 Nf5 21. Ngf6+
Bxf6 22. Qg4+ Bg7 23. Nf6+ Rxf6 24. exf6 Qe8 25. Rf3 Qe4 26. Re1 Ncxd4 27. Rh3
Kf7 28. Bf2 Qxe1+ 29. Bxe1 Bxf6 30. Rh7+ Ke6 31. Bh4 Bxh4 32. Rxh4 Kd6 33. Rh3
Re8 34. Rh5 Re1+ 35. Kh2 Ne3 36. Qg6+ Kc5 37. Qg7 Nf1+ 38. Kh3 Re3+ 39. Kh4 Ne6
40. Qe7+ Kc4 41. b3+ Kc3 42. Rxd5 Re4 43. Qf6+ Kb4 44. g4 Nh2 45. a3+ Kxb3 46.
Rb5+ 1-0

[Event "Niedersachsen-ch B"]
[Site "Verden"]
[Date "2010.01.05"]
[Round "6.42"]
[White "Oehne, Timo"]
[Black "Langenfeld, Stefan"]
[Result "1/2-1/2"]
[WhiteElo "1644"]
[BlackElo "1958"]
[PlyCount "113"]
[EventDate "2010.01.??"]
[EventType "swiss"]
[EventRounds "7"]
[EventCountry "GER"]
[SourceDate "2005.10.24"]

1. d4 d5 2. c4 e6 3. Nc3 c6 4. Nf3 f5 5. Bg5 Nf6 6. e3 Be7 7. Ne5 O-O 8. Bd3
Ne4 9. Bxe7 Qxe7 10. O-O b6 11. f4 Bb7 12. Rf3 Nd7 13. cxd5 Nxc3 14. bxc3 Nxe5
15. fxe5 cxd5 16. Rh3 g6 17. Rg3 Rf7 18. c4 Rc8 19. Qb3 f4 20. exf4 Rxf4 21.
Qc2 Qf7 22. h4 dxc4 23. Be2 Be4 24. Qa4 Rxh4 25. Bxc4 Rf4 26. Qb3 Bd5 27. Bxd5
exd5 28. Rf3 Rxf3 29. gxf3 Rc4 30. Qe3 Qe6 31. Rf1 b5 32. Rf2 Qb6 33. Rd2 Rc1+
34. Kg2 Qe6 35. Rb2 Rc8 36. Rxb5 Rf8 37. Qb3 Rd8 38. Qe3 Qf5 39. Rb7 Qc2+ 40.
Kg3 Rf8 41. Qh6 Rxf3+ 42. Kxf3 Qd1+ 43. Kg2 Qe2+ 44. Kg3 Qe1+ 45. Kg4 Qg1+ 46.
Kh4 Qh2+ 47. Kg5 Qd2+ 48. Kf6 Qxh6 49. Rb8+ Qf8+ 50. Rxf8+ Kxf8 {(=)} 51. Ke6
Ke8 52. Kxd5 h5 53. Ke4 g5 54. d5 h4 55. d6 h3 56. Kf3 g4+ 57. Kg3 1/2-1/2

[Event "Niedersachsen-ch B"]
[Site "Verden"]
[Date "2010.01.05"]
[Round "6.43"]
[White "Kuenitz, Bernhard"]
[Black "Kausche, Peter W"]
[Result "1-0"]
[WhiteElo "1920"]
[BlackElo "1549"]
[PlyCount "52"]
[EventDate "2010.01.??"]
[EventType "swiss"]
[EventRounds "7"]
[EventCountry "GER"]
[SourceDate "2005.10.24"]

1. c4 Nf6 2. Nc3 g6 3. g3 Bg7 4. Bg2 O-O 5. Nf3 d6 6. d4 c5 7. d5 e6 8. O-O
exd5 9. cxd5 Bf5 10. Nh4 Bg4 11. h3 Bd7 12. Kh2 Na6 13. Bf4 Qe7 14. Qd2 Nc7 15.
e4 Nb5 16. Nxb5 Bxb5 17. Rfe1 Rfe8 18. Rac1 Nh5 19. Be3 Bf6 20. Nf3 Qxe4 21.
Nd4 Qe5 22. Nxb5 Qxb2 23. Qxb2 Bxb2 24. Rb1 Be5 25. Nc7 b6 26. Nxa8 Rxa8 1-0

[Event "Niedersachsen-ch B"]
[Site "Verden"]
[Date "2010.01.05"]
[Round "6.44"]
[White "Celik, Abdullah"]
[Black "Diederichs, Luise"]
[Result "1-0"]
[WhiteElo "1793"]
[BlackElo "1470"]
[PlyCount "83"]
[EventDate "2010.01.??"]
[EventType "swiss"]
[EventRounds "7"]
[EventCountry "GER"]
[SourceDate "2005.10.24"]

1. d4 d5 2. c4 e6 3. Nc3 Nf6 4. cxd5 exd5 5. Bg5 c6 6. e3 Be6 7. Bd3 Nbd7 8.
Qc2 Bd6 9. Nge2 Qc7 10. Rc1 a6 11. Bh4 Bg4 12. Bg3 Bxe2 13. Qxe2 Bxg3 14. hxg3
h6 15. Qf3 Qd6 16. a3 Qe6 17. O-O Qg4 18. Bf5 Qxf3 19. gxf3 O-O 20. e4 dxe4 21.
fxe4 Nb6 22. Rfd1 Rad8 23. b4 Rfe8 24. f3 Nc4 25. Kf2 Nb2 26. Rd2 Nc4 27. Ra2
Rxd4 28. Ne2 Rd2 29. Rxd2 Nxd2 30. Ke3 Rd8 31. Rc2 Nf1+ 32. Kf2 Nd2 33. e5 Nh7
{(=)} 34. f4 g6 35. Bh3 f5 36. Ke3 Nb1 37. a4 Nf8 38. Nd4 Kf7 39. Bf1 Na3 40.
Rc3 Nb1 41. Bc4+ Ke7 42. Rd3 1-0

[Event "Niedersachsen-ch B"]
[Site "Verden"]
[Date "2010.01.05"]
[Round "6.45"]
[White "Kollars, Michael"]
[Black "Franke, Klaus"]
[Result "0-1"]
[WhiteElo "1530"]
[BlackElo "1946"]
[PlyCount "114"]
[EventDate "2010.01.??"]
[EventType "swiss"]
[EventRounds "7"]
[EventCountry "GER"]
[SourceDate "2005.10.24"]

1. e4 c6 2. d4 d5 3. e5 h5 4. h4 g6 5. Be2 Nh6 6. Nc3 Nf5 7. Nf3 e6 8. Bg5 Be7
9. Bxe7 Qxe7 10. g3 c5 11. dxc5 Qxc5 12. Nb5 Bd7 13. Nbd4 Nxd4 14. Nxd4 Nc6 15.
Nb3 Qb6 16. f4 Rc8 17. c3 a5 18. Qd2 a4 19. Nd4 Nxd4 20. cxd4 Bb5 21. Rd1 Bxe2
22. Qxe2 Kd7 23. O-O Rc4 24. Kg2 Rhc8 25. Rd2 R8c7 26. Rf3 Rb4 27. Rc3 Rxc3 28.
bxc3 Rb1 29. Rd1 Rb2 30. Rd2 a3 31. Kh3 Kc6 32. c4 Rxd2 33. cxd5+ Kxd5 34. Qxd2
Qb2 35. Qa5+ Ke4 36. Qe1+ Kxd4 37. Qg1+ Kc3 38. Qc5+ Kd2 39. Qf2+ Kc1 40. Qe1+
Kc2 41. Qe4+ Kc3 42. Qe3+ Kc4 43. Qe4+ Kc5 44. Qe3+ Kb5 45. Qd3+ Ka5 46. Qd8+
b6 47. Qd7 Qc1 48. Qa7+ Kb5 49. Qd7+ Kb4 50. Qe7+ Kc3 51. Qc7+ Kb2 52. Qxb6+
Kxa2 53. Qf2+ Qb2 54. Qf1 Qc2 55. Qb5 Qc1 56. Qe2+ Ka1 57. Qf2 Qh1+ 0-1

[Event "Niedersachsen-ch B"]
[Site "Verden"]
[Date "2010.01.05"]
[Round "6.46"]
[White "Wernke Schmiesing, Sebastian"]
[Black "Palmer, Harald"]
[Result "0-1"]
[WhiteElo "1475"]
[BlackElo "1878"]
[PlyCount "54"]
[EventDate "2010.01.??"]
[EventType "swiss"]
[EventRounds "7"]
[EventCountry "GER"]
[SourceDate "2005.10.24"]

1. e4 e5 2. Nf3 Nc6 3. d4 exd4 4. Bc4 Bb4+ 5. c3 dxc3 6. bxc3 Bd6 7. Qd5 Qe7 8.
Ng5 Nh6 9. Nf3 Ng4 10. Bg5 Nf6 11. Bxf6 Qxf6 12. O-O O-O 13. Qh5 g6 14. Qd5 Ne5
15. Nxe5 Bxe5 16. f4 Bxc3 17. e5 Qb6+ 18. Kh1 Bxa1 19. Nd2 Qd4 20. Qf3 Qxd2 21.
Rxa1 d6 22. exd6 Qxd6 23. Rd1 Qf6 24. g4 c6 25. f5 Be6 26. Bxe6 fxe6 27. Rd7
Rf7 0-1

[Event "Niedersachsen-ch B"]
[Site "Verden"]
[Date "2010.01.05"]
[Round "6.47"]
[White "Oehne, Ingo"]
[Black "Haniszewski, Patrick"]
[Result "1-0"]
[WhiteElo "1900"]
[BlackElo "1463"]
[PlyCount "69"]
[EventDate "2010.01.??"]
[EventType "swiss"]
[EventRounds "7"]
[EventCountry "GER"]
[SourceDate "2005.10.24"]

1. d4 b6 2. c4 e6 3. Nc3 Bb7 4. Nf3 Nf6 5. g3 c5 6. d5 d6 7. Bg2 Be7 8. O-O O-O
9. e4 exd5 10. exd5 Re8 11. Re1 Nbd7 12. Qc2 Ba6 13. b3 Rb8 14. a4 Bc8 15. Bb2
Nf8 16. Re2 Bg4 17. Rae1 Ng6 18. h3 Bxf3 19. Bxf3 Qd7 20. Bg2 a6 21. Ne4 Ne5
22. f4 Ng6 23. f5 Nxe4 24. fxg6 Nxg3 25. gxf7+ Kxf7 26. Re6 Kg8 {(=)} 27. Bxg7
Bh4 28. Bb2 Rxe6 29. dxe6 Qe7 30. Qc3 Bf6 31. Qxf6 Qxf6 32. Bxf6 Nf5 33. Bd5
Kf8 34. e7+ Ke8 35. Bc6+ 1-0

[Event "Niedersachsen-ch B"]
[Site "Verden"]
[Date "2010.01.05"]
[Round "6.48"]
[White "Knobel, Hannah Bettina"]
[Black "Hartogh, Tim"]
[Result "0-1"]
[WhiteElo "1482"]
[BlackElo "1862"]
[PlyCount "66"]
[EventDate "2010.01.??"]
[EventType "swiss"]
[EventRounds "7"]
[EventCountry "GER"]
[SourceDate "2005.10.24"]

1. d4 d5 2. Nf3 Nf6 3. c4 c6 4. Nc3 e6 5. Bg5 h6 6. Bh4 dxc4 7. e3 b5 8. Be2
Nbd7 9. O-O Bb7 10. Ne4 Be7 11. Nfd2 a6 12. Bg3 c5 13. Nd6+ Bxd6 14. Bxd6 cxd4
15. exd4 Nb6 16. Be5 O-O 17. Nf3 Ne4 18. Qc2 Rc8 19. Rac1 c3 20. bxc3 Rxc3 21.
Qd1 Qd7 22. Bd3 Rxc1 23. Qxc1 Rc8 24. Qb2 Qd5 25. h3 Nc4 26. Qe2 Nc3 27. Qc2
Nxe5 28. dxe5 Nxa2 29. Qd2 Nc1 30. Rd1 Nxd3 31. Qxd3 Qxd3 32. Rxd3 Bxf3 33.
Rxf3 b4 0-1

[Event "Niedersachsen-ch B"]
[Site "Verden"]
[Date "2010.01.05"]
[Round "6.49"]
[White "Modder, Frank"]
[Black "Bischoff, Norbert"]
[Result "1-0"]
[WhiteElo "1924"]
[BlackElo "1741"]
[PlyCount "119"]
[EventDate "2010.01.??"]
[EventType "swiss"]
[EventRounds "7"]
[EventCountry "GER"]
[SourceDate "2005.10.24"]

1. d4 Nf6 2. Nf3 e6 3. e3 d5 4. Bd3 c5 5. c3 Nc6 6. Nbd2 Be7 7. O-O O-O 8. dxc5
Bxc5 9. e4 dxe4 10. Nxe4 Nxe4 11. Bxe4 Be7 12. Qc2 h6 13. b4 Bf6 14. Bb2 Qc7
15. a3 Ne7 16. Rac1 Bd7 17. Rfd1 Bc6 18. Nd4 Bxe4 19. Qxe4 a6 20. Rd3 Rfd8 21.
Rcd1 Rac8 22. Qg4 Ng6 23. Nxe6 fxe6 24. Qxg6 Rxd3 25. Rxd3 Rd8 26. Rxd8+ Qxd8
27. Qc2 Qc7 28. Qe4 Qd7 29. Qe2 Qc6 30. Qd3 Kh8 31. h3 Kg8 32. Kf1 Kh8 33. f3
Kg8 34. Ke2 Qc7 35. Kd1 Kh8 36. Kc2 Qc6 37. Bc1 Qe8 38. Kb3 Qb8 39. Qe4 Qc8 40.
Bd2 Qd7 41. Qe2 Qd5+ 42. Kb2 Kg8 43. Be3 Qe5 44. Qd2 Qb5 45. Qd6 Qc4 46. Qd2
Qc6 47. Bd4 Qd7 48. Qe3 Be7 49. Qe4 Bf8 50. g4 Qe8 51. h4 Qd7 52. g5 Qf7 53. f4
g6 54. Qe5 Qh7 55. Qxe6+ Qf7 56. Qe5 Qh7 57. Kc2 hxg5 58. fxg5 Qxh4 59. Qe6+
Kh7 60. Qf7+ 1-0

[Event "Niedersachsen-ch B"]
[Site "Verden"]
[Date "2010.01.05"]
[Round "6.50"]
[White "Kaphle, Narendra"]
[Black "Koch, Carsten"]
[Result "0-1"]
[WhiteElo "1466"]
[BlackElo "1837"]
[PlyCount "84"]
[EventDate "2010.01.??"]
[EventType "swiss"]
[EventRounds "7"]
[EventCountry "GER"]
[SourceDate "2005.10.24"]

1. e4 c5 2. Nf3 d6 3. d4 cxd4 4. Nxd4 Nf6 5. Nc3 a6 6. Bd3 e5 7. Nde2 Be7 8. h3
b5 9. a3 O-O 10. O-O Bb7 11. Ng3 Bc8 12. Kh1 Nc6 13. f4 exf4 14. Bxf4 Ne5 15.
Nh5 Be6 16. Nxf6+ Bxf6 17. Rb1 Ng6 18. Bh2 Bxc3 19. bxc3 Ne5 20. Qd2 Qa5 21.
Bg1 Rac8 22. Bd4 Bc4 23. Qg5 Qd8 24. Qg3 Qe7 25. Rf5 f6 26. Rbf1 Be6 27. Rh5
Kh8 28. Be2 Bf7 29. Rhf5 Bg6 30. R5f4 Nc6 31. Bd3 Nxd4 32. cxd4 Rc3 33. Re1 Re8
34. Rh4 Kg8 35. Qf2 Rxa3 36. d5 Rb8 37. Rg4 a5 38. h4 a4 39. Rg3 Rc3 40. Rh3 a3
41. Qd2 Qe5 42. h5 Bxh5 0-1

[Event "Niedersachsen-ch B"]
[Site "Verden"]
[Date "2010.01.05"]
[Round "6.51"]
[White "Bonacic, Jascha"]
[Black "Marach, Jonas"]
[Result "0-1"]
[WhiteElo "1764"]
[BlackElo "1400"]
[PlyCount "92"]
[EventDate "2010.01.??"]
[EventType "swiss"]
[EventRounds "7"]
[EventCountry "GER"]
[SourceDate "2005.10.24"]

1. e4 e5 2. Nf3 Nc6 3. Bb5 Nge7 4. d4 a6 5. Ba4 exd4 6. Nxd4 g6 7. Bg5 Bg7 8.
Bxc6 bxc6 9. c3 O-O 10. O-O a5 11. Nxc6 dxc6 12. Qxd8 Rxd8 13. Bxe7 Re8 14. Ba3
Rxe4 15. Nd2 Re2 16. Rfe1 Bg4 17. Rxe2 Bxe2 18. Re1 Bg4 19. f3 Be6 20. Nb3 Bf8
21. Bxf8 Kxf8 22. Nd4 Bxa2 23. Nxc6 Bd5 24. Nd4 Rb8 25. Re2 c5 26. Re5 cxd4 27.
Rxd5 dxc3 28. bxc3 Ra8 29. Rd2 a4 30. Kf2 Ke7 31. Ke3 a3 32. Ra2 Kd6 33. Kd4
Ra4+ 34. c4 Kc6 35. Kc3 Kc5 36. Kb3 Ra7 37. Kc3 f5 38. f4 Re7 39. g3 Re3+ 40.
Kd2 Rf3 41. Ke2 Rb3 42. Kd1 Kxc4 43. Rc2+ Rc3 44. h3 Kb3 45. Rxc3+ Kxc3 46. Kc1
a2 0-1

[Event "Niedersachsen-ch B"]
[Site "Verden"]
[Date "2010.01.05"]
[Round "6.52"]
[White "Kollars, Dmitrij"]
[Black "Eickelkamp, Jan Hendrik"]
[Result "1/2-1/2"]
[WhiteElo "1450"]
[BlackElo "1928"]
[PlyCount "38"]
[EventDate "2010.01.??"]
[EventType "swiss"]
[EventRounds "7"]
[EventCountry "GER"]
[SourceDate "2005.10.24"]

1. e4 c5 2. Nf3 d6 3. d4 cxd4 4. Nxd4 a6 5. Nc3 Nf6 6. Be2 e5 7. Nb3 Be6 8. O-O
Be7 9. a4 O-O 10. Be3 Nbd7 11. f4 Qc7 12. a5 Rac8 13. h3 Nxe4 14. Nxe4 Qxc2 15.
Nbd2 d5 16. f5 Qxb2 17. fxe6 fxe6 18. Rxf8+ Rxf8 19. Ng3 e4 1/2-1/2

[Event "Niedersachsen-ch B"]
[Site "Verden"]
[Date "2010.01.05"]
[Round "6.53"]
[White "Petrov, Iouri"]
[Black "Aden, Dagmar"]
[Result "0-1"]
[WhiteElo "1443"]
[BlackElo "1810"]
[PlyCount "92"]
[EventDate "2010.01.??"]
[EventType "swiss"]
[EventRounds "7"]
[EventCountry "GER"]
[SourceDate "2005.10.24"]

1. d4 d5 2. c4 e6 3. Bf4 Nf6 4. e3 c6 5. Nf3 Bb4+ 6. Nbd2 Ne4 7. a3 Nxd2 8.
Nxd2 Bd6 9. Bxd6 Qxd6 10. c5 Qe7 11. Bd3 e5 12. dxe5 Qxe5 13. Qc2 h6 14. O-O
Nd7 15. Nf3 Qe7 16. b4 a5 17. bxa5 Qxc5 18. Qb2 Nf6 19. Qe5+ Qe7 20. Qc3 O-O
21. a6 c5 22. axb7 Bxb7 23. Qe5 Qxe5 24. Nxe5 Ba6 25. a4 Rfe8 26. Bxa6 Rxa6 27.
Nf3 Rea8 28. g3 Rxa4 29. Rxa4 Rxa4 30. Rc1 c4 31. Nd4 Ra2 32. Rc2 Rxc2 33. Nxc2
Kf8 34. Kf1 Ke7 35. Ke2 Kd6 36. f3 Kc5 37. Kd2 Nd7 38. Kc3 f5 39. h3 g6 40. g4
fxg4 41. hxg4 Ne5 42. Nd4 h5 43. gxh5 gxh5 44. f4 Ng4 45. Nf3 Nxe3 46. Kd2 Nf5
0-1

[Event "Niedersachsen-ch B"]
[Site "Verden"]
[Date "2010.01.05"]
[Round "6.54"]
[White "Richters, Maik"]
[Black "Schwenteck, Peter"]
[Result "0-1"]
[WhiteElo "1424"]
[BlackElo "1759"]
[PlyCount "80"]
[EventDate "2010.01.??"]
[EventType "swiss"]
[EventRounds "7"]
[EventCountry "GER"]
[SourceDate "2005.10.24"]

1. e4 d5 2. exd5 Qxd5 3. Nc3 Qa5 4. b4 Qb6 5. Nf3 Bg4 6. Be2 Nf6 7. Rb1 e6 8.
a3 Be7 9. d4 O-O 10. Be3 c6 11. O-O Qc7 12. Ne5 Bxe2 13. Qxe2 Nbd7 14. Bf4 Qd8
15. Rfe1 Nb6 16. Rbd1 Nbd5 17. Nxd5 cxd5 18. Qb5 Qc8 19. h3 Ne4 20. Rd3 {(=)}
Nc3 21. Qd7 Bf6 22. Qxc8 Raxc8 23. Nd7 Rfd8 24. Nxf6+ gxf6 25. Bh6 Kh8 26. Ree3
Ne4 27. c3 Nd6 28. g4 Rg8 29. Kf1 Rg6 30. Bf4 Nc4 31. Rf3 Kg7 32. Bc1 Kf8 33.
Rf4 Nd6 34. h4 Ke7 35. Rdf3 Ne4 36. h5 Rgg8 37. g5 Nxg5 38. Rg3 Ne4 39. Rxg8
Rxg8 40. Rf3 Rc8 0-1

[Event "Niedersachsen-ch B"]
[Site "Verden"]
[Date "2010.01.05"]
[Round "6.55"]
[White "Grigorian, Spartak"]
[Black "Klosa, Kevin"]
[Result "1-0"]
[WhiteElo "1762"]
[BlackElo "1416"]
[PlyCount "57"]
[EventDate "2010.01.??"]
[EventType "swiss"]
[EventRounds "7"]
[EventCountry "GER"]
[SourceDate "2005.10.24"]

1. e4 e5 2. Nf3 Nc6 3. Bc4 Bc5 4. O-O Nf6 5. d4 Bxd4 6. Nxd4 Nxd4 7. f4 d6 8.
fxe5 dxe5 9. Bg5 Be6 10. Na3 Qe7 11. c3 Nc6 12. Bxe6 Qxe6 13. Bxf6 gxf6 14. Qf3
O-O-O 15. Qxf6 Qxf6 16. Rxf6 Rd7 17. Raf1 Rf8 18. Nc4 Kd8 {(=)} 19. Ne3 Ke7 20.
Nd5+ Kd8 21. R1f5 a6 22. g3 a5 23. a4 Kc8 24. Kg2 Kd8 25. h4 Nb8 26. Rxe5 Rg8
27. Rf2 Rg7 28. Nf6 Re7 29. Rd2+ 1-0

[Event "Niedersachsen-ch B"]
[Site "Verden"]
[Date "2010.01.05"]
[Round "6.56"]
[White "Hanemann, Henno"]
[Black "Worpenberg, Lukas"]
[Result "1-0"]
[WhiteElo "1838"]
[BlackElo "1306"]
[PlyCount "77"]
[EventDate "2010.01.??"]
[EventType "swiss"]
[EventRounds "7"]
[EventCountry "GER"]
[SourceDate "2005.10.24"]

1. e4 e5 2. Nf3 Nf6 3. Nxe5 Qe7 4. Ng4 Nxe4 5. Ne3 d5 6. d4 Nf6 7. Be2 Nc6 8.
O-O Bf5 9. Nxf5 Qd7 10. Re1 O-O-O 11. Bg4 Nxg4 12. Qxg4 Nxd4 13. Qxd4 Qxf5 14.
Nc3 Kb8 15. Qxd5 Qxd5 16. Nxd5 Bc5 17. c4 c6 18. Bf4+ Bd6 19. c5 Bxf4 20. Nxf4
Rd2 21. Re2 Rhd8 22. Rxd2 Rxd2 23. Rb1 Rc2 24. Nd3 Rd2 25. Ne5 f6 26. Nc4 Rc2
27. b3 Rxa2 28. b4 Ra4 29. f4 Ra2 30. Kf1 Kc7 31. Nd6 g5 32. Ne8+ Kd8 33. Nxf6
gxf4 34. Nxh7 f3 35. gxf3 Rxh2 36. Rd1+ Kc7 37. Ng5 Rb2 38. Ne6+ Kc8 39. Rd8#
1-0

[Event "Niedersachsen-ch B"]
[Site "Verden"]
[Date "2010.01.05"]
[Round "6.57"]
[White "Roehl, Bernd"]
[Black "Aldegeerds, Julian"]
[Result "1/2-1/2"]
[WhiteElo "1718"]
[BlackElo "1378"]
[PlyCount "58"]
[EventDate "2010.01.??"]
[EventType "swiss"]
[EventRounds "7"]
[EventCountry "GER"]
[SourceDate "2005.10.24"]

1. d4 d5 2. c4 e6 3. cxd5 exd5 4. Nc3 Nf6 5. Bg5 Nbd7 6. e3 c6 7. Bd3 h6 8. Bh4
Bd6 9. Nf3 Qc7 10. Rc1 a6 11. a3 O-O 12. Bg3 Bxg3 13. hxg3 Re8 14. Kf1 Ng4 15.
Kg1 Ndf6 16. Qd2 Bd7 17. b4 Nxf2 18. Qxf2 Ng4 19. Qd2 Rxe3 20. Nxd5 Rxd3 21.
Nxc7 Rxd2 22. Nxa8 Ra2 23. Nb6 Ne3 24. Ne1 Be6 25. Rh4 Nf5 26. Re4 Nxg3 27.
Rxe6 fxe6 28. Rc2 Rxa3 29. Rb2 Nf5 1/2-1/2

[Event "Niedersachsen-ch B"]
[Site "Verden"]
[Date "2010.01.05"]
[Round "6.58"]
[White "Reinkemeier, Fabian"]
[Black "Rosin, Julius"]
[Result "1/2-1/2"]
[WhiteElo "1656"]
[BlackElo "1247"]
[PlyCount "91"]
[EventDate "2010.01.??"]
[EventType "swiss"]
[EventRounds "7"]
[EventCountry "GER"]
[SourceDate "2005.10.24"]

1. e4 e5 2. Nf3 Nc6 3. Bc4 Nf6 4. Ng5 d5 5. exd5 Na5 6. Bb5+ Bd7 7. Qe2 Bd6 8.
d4 Qe7 9. Bd2 b6 10. Bxa5 bxa5 11. Bxd7+ Nxd7 12. Nf3 exd4 13. Qxe7+ Bxe7 14.
O-O O-O-O 15. Nxd4 Nb6 16. Nc6 Bf6 17. Nxd8 Bxb2 18. Nxf7 Rf8 19. Nd2 Bxa1 20.
Rxa1 Rxf7 21. c4 Rf4 22. Rc1 Rd4 23. Nf3 Rxc4 24. Rxc4 Nxc4 25. Ng5 h6 26. Ne6
g5 27. g4 Nb6 28. f4 gxf4 29. Nxf4 Kd7 30. h4 Kd6 31. Kf2 Nxd5 32. Nxd5 Kxd5
33. Ke3 Ke5 34. a4 a6 35. Kf3 c5 36. Ke3 c4 37. g5 hxg5 38. hxg5 Kf5 39. Kd4
Kxg5 40. Kxc4 Kf5 41. Kc5 Ke5 42. Kb6 Kd6 43. Kxa5 Kc7 44. Kxa6 Kb8 45. Kb6 Ka8
46. a5 1/2-1/2

[Event "Niedersachsen-ch B"]
[Site "Verden"]
[Date "2010.01.05"]
[Round "6.59"]
[White "Schreiber, Justina"]
[Black "Rethmann, Kristin"]
[Result "0-1"]
[WhiteElo "1404"]
[BlackElo "1784"]
[PlyCount "94"]
[EventDate "2010.01.??"]
[EventType "swiss"]
[EventRounds "7"]
[EventCountry "GER"]
[SourceDate "2005.10.24"]

1. e4 Nf6 2. Nc3 d5 3. e5 d4 4. exf6 dxc3 5. bxc3 exf6 6. Bc4 Bd6 7. d3 O-O 8.
Ne2 Nc6 9. O-O b6 10. Bf4 Bb7 11. Re1 Ne5 12. Bb3 Qd7 13. d4 Qg4 14. Bg3 Ng6
15. d5 Ne5 16. Nf4 Qd7 17. Nd3 Ng6 18. Bxd6 cxd6 19. Qf3 Qc7 20. c4 Ba6 21. Re4
Ne5 22. Nxe5 fxe5 23. Qd3 Rac8 24. Rh4 f5 25. f3 Qe7 26. Rh3 Rc7 27. Re1 g6 28.
g3 Rfc8 29. Rh4 Rc5 30. Kf2 Qc7 31. Re2 Bxc4 32. Rxc4 Rxc4 33. Bxc4 Qxc4 34.
Qxc4 Rxc4 35. Ke1 Rd4 36. Rd2 Ra4 37. c3 Kf7 38. Ke2 Kf6 39. Rc2 e4 40. c4
exf3+ 41. Kxf3 Ke5 42. Ke3 Ra3+ 43. Kd2 Kd4 44. Ke2 Rc3 45. Rxc3 Kxc3 46. Ke3
Kxc4 47. Kd2 Kxd5 0-1

[Event "Niedersachsen-ch B"]
[Site "Verden"]
[Date "2010.01.05"]
[Round "6.60"]
[White "Wagner, Dario"]
[Black "Roemer, Helmut"]
[Result "1-0"]
[WhiteElo "1328"]
[BlackElo "1672"]
[PlyCount "45"]
[EventDate "2010.01.??"]
[EventType "swiss"]
[EventRounds "7"]
[EventCountry "GER"]
[SourceDate "2005.10.24"]

1. e4 Nf6 2. Nc3 d5 3. exd5 Nxd5 4. Nf3 Bg4 5. h3 Bh5 6. g4 Bg6 7. Bc4 c6 8. d4
e6 9. Be3 Be7 10. Qd2 Nd7 11. O-O-O N7b6 12. Bb3 Nxc3 13. Qxc3 Be4 14. Ne5 Bxh1
15. Rxh1 Nd5 16. Qc4 Nxe3 17. fxe3 Qd5 18. Qf1 Qe4 19. Qxf7+ Kd8 20. Rd1 Rc8
21. Qxe6 Kc7 22. Qxe7+ Kb8 23. Nd7+ 1-0

[Event "Niedersachsen-ch B"]
[Site "Verden"]
[Date "2010.01.05"]
[Round "6.61"]
[White "Sieber, Fiona"]
[Black "Krumschmidt, Michael"]
[Result "1/2-1/2"]
[WhiteElo "1285"]
[BlackElo "1648"]
[PlyCount "87"]
[EventDate "2010.01.??"]
[EventType "swiss"]
[EventRounds "7"]
[EventCountry "GER"]
[SourceDate "2005.10.24"]

1. e4 c5 2. Nc3 Nc6 3. f4 d6 4. Bc4 Nf6 5. Nf3 a6 6. a3 Bg4 7. O-O Nd4 8. Be2
Nxe2+ 9. Qxe2 g6 10. h3 Bd7 11. Qf2 Bc6 12. d3 Bg7 13. Qh4 e5 14. fxe5 dxe5 15.
Ne2 Nd7 16. Bg5 f6 17. Bh6 O-O 18. Nh2 Rf7 19. Bxg7 Rxg7 20. Ng4 g5 21. Qf2 Rg6
22. Ng3 Qe7 23. Nf5 Qe6 24. Ngh6+ Kh8 25. Qf3 c4 26. d4 exd4 27. Rae1 Ne5 28.
Qg3 Rd8 29. Rf2 d3 30. Rd2 Qe8 31. Ng4 Nxg4 32. hxg4 dxc2 33. Rxc2 Rd3 34. Qh2
b5 35. Rc3 Rd2 36. Rh3 Qd7 37. Rh6 Rxh6 38. Qxh6 Qf7 39. e5 Rxg2+ 40. Kf1 Rxg4
41. e6 Rf4+ 42. Kg1 Rg4+ 43. Kf1 Rf4+ 44. Kg1 1/2-1/2